Yến Quảng /

Saved in:
Bibliographic Details
Main Author: Tôn Thất Hướng.
Format: Article
Language:Vietnamese
Subjects:
Tags: Add Tag
No Tags, Be the first to tag this record!
Institutions: Thư viện Trường Đại học Đà Lạt
LEADER 00733nam a2200265 4500
001 DLU090086013
005 ##20091214
040 # # |a DLU  |b vie 
041 # # |a vie 
044 # # |a vn 
100 # # |a Tôn Thất Hướng. 
245 # # |a Yến Quảng /  |c Tôn Thất Hướng. 
653 # # |a Địa lịch sử 
653 # # |a Văn hóa cổ truyền 
653 # # |a Văn hóa dân gian 
773 # # |t Văn hóa nghệ thuật  |g Số 1(283), 2008, tr. 93-95 
920 # # |a Phòng Tạp chí -- Trung tâm Thông tin - Thư viện Trường Đại học Đà Lạt 
994 # # |a DLU 
900 # # |a True 
911 # # |a Nguyễn Thị Linh Chi 
925 # # |a G 
926 # # |a A 
927 # # |a BB 
980 # # |a Thư viện Trường Đại học Đà Lạt